| 000 | 00385nam a2200145Ia 4500 | ||
|---|---|---|---|
| 008 | 220217s9999||||xx |||||||||||||| ||und|| | ||
| 020 | _a978-0-07-060653-1 | ||
| 082 | _a621.4 NAG | ||
| 100 | _aNag, P K | ||
| 245 | 0 | _aHeat and mass transfer | |
| 250 | _a2nd | ||
| 260 |
_aTata mcgraw hill company Ltd _bNew Delhi _c2010 |
||
| 300 |
_aXVI, 866p. _b350 |
||
| 650 | _aMECHANICHAL | ||
| 999 |
_c179115 _d179115 |
||